书目信息 |
| 题名: |
失败的国家
|
|
| 作者: | 乔姆斯基 著 ;白璐 译 | |
| 分册: | ||
| 出版信息: | 上海 上海译文出版社 2009.01 |
|
| 页数: | 378页 | |
| 开本: | 21cm | |
| 丛书名: | 乔姆斯基文集 | |
| 单 册: | ||
| 中图分类: | D871.20 , D771.222 | |
| 科图分类: | ||
| 主题词: | 美国对外政策--研究 , 公共政策--研究--美国 | |
| 电子资源: | ||
| ISBN: | 978-7-5327-4698-9 | |
| 000 | 01094nam0 2200289 450 | |
| 005 | 20100526092131.50 | |
| 010 | @a978-7-5327-4698-9@dCNY32.00 | |
| 100 | @a20100515d2009 em y0chiy50 ea | |
| 101 | 1 | @achi@ceng |
| 102 | @aCN@b310000 | |
| 105 | @ay z 000yy | |
| 200 | 1 | @a失败的国家@Ashi bai de guo jia@e滥用权利和践踏民主@f(美) 诺姆·乔姆斯基著@F(mei)nuo mu·qiao mu si ji zhu@g白璐译 |
| 210 | @a上海@c上海译文出版社@d2009.01 | |
| 215 | @a378页@d21cm | |
| 225 | 2 | @a乔姆斯基文集 |
| 312 | @a英文题名:取自版权页 | |
| 330 | @a本书介绍了美国外交和国内政策的最新发展;美国占领伊拉克的严重后果及其引发的全球性质疑和反对浪潮;华盛顿政府藐视《联合国宪章》、《日内瓦公约》、《京都议定书》等国际法则所带来的恶劣影响等。 | |
| 410 | 0 | @12001@a乔姆斯基文集 |
| 500 | 10 | @aFailed States-The Abuse of Power and The Assault Democracy@mChinese |
| 606 | 0 | @a美国对外政策@x研究 |
| 606 | 0 | @a公共政策@x研究@y美国 |
| 690 | @aD871.20@v4 | |
| 690 | @aD771.222@v4 | |
| 701 | 1 | @a乔姆斯基@Aqiao mu si ji@4著 |
| 702 | 0 | @a白璐@Abai lu@4译 |
| 801 | 0 | @aCN@c20100515 |
| 905 | @dD871.20@eQ325@f3 | |
| 失败的国家:滥用权利和践踏民主/(美) 诺姆·乔姆斯基著/白璐译.-上海:上海译文出版社,2009.01 |
| 378页;21cm.-(乔姆斯基文集) |
| ISBN 978-7-5327-4698-9:CNY32.00 |
| 本书介绍了美国外交和国内政策的最新发展;美国占领伊拉克的严重后果及其引发的全球性质疑和反对浪潮;华盛顿政府藐视《联合国宪章》、《日内瓦公约》、《京都议定书》等国际法则所带来的恶劣影响等。 |
| ● |
| 相关链接 |
|
|
|
正题名:失败的国家
索取号:D871.20/Q325
 
预约/预借
| 序号 | 登录号 | 条形码 | 馆藏地/架位号 | 状态 | 备注 |
| 1 | 983334 | 209833340 | 社科库509/422社科库 41排2列5层/ [索取号:D871.20/Q325] | 在馆 | |
| 2 | 983335 | 209833359 | 社科库509/509社科库 79排6列5层/ [索取号:D871.20/Q325] | 在馆 | |
| 3 | 983336 | 209833368 | 社科库509/422社科库 41排2列5层/ [索取号:D871.20/Q325] | 在馆 |